Catalog

Record Details

Catalog Search



Computer Vision Beyond the Visible Spectrum Cover Image E-book E-book

Computer Vision Beyond the Visible Spectrum

Bhanu, Bir. (editor.). Pavlidis, Ioannis. (editor.). SpringerLink (Online service) (Added Author).

Record details

  • ISBN: 9781846280658
  • Physical Description: electronic
    electronic resource
    access
    remote
    X, 319 p. 156 illus. online resource.
  • Publisher: London : Springer London, 2005.
Subject: Computer science
Neurosciences
Artificial intelligence
Computer graphics
Computer vision
Optical pattern recognition
Computer Science
Computer Graphics
Image Processing and Computer Vision
Pattern Recognition
Artificial Intelligence (incl. Robotics)
Electronic and Computer Engineering
Neurosciences

Electronic resources


LDR 01739nam a22004935i 4500
00122560
003CONS
00520131218223154.0
007cr nn 008mamaa
008100301s2005 xxk| s |||| 0|eng d
020 . ‡a9781846280658 ‡9978-1-84628-065-8
0247 . ‡a10.1007/b138155 ‡2doi
035 . ‡a(DE-He213)978-1-84628-065-8
050 4. ‡aT385
072 7. ‡aUML ‡2bicssc
072 7. ‡aCOM012000 ‡2bisacsh
1001 . ‡aBhanu, Bir. ‡eeditor.
24510. ‡aComputer Vision Beyond the Visible Spectrum ‡h[electronic resource] / ‡cedited by Bir Bhanu, Ioannis Pavlidis.
264 1. ‡aLondon : ‡bSpringer London, ‡c2005.
300 . ‡aX, 319 p. 156 illus. ‡bonline resource.
336 . ‡atext ‡btxt ‡2rdacontent
337 . ‡acomputer ‡bc ‡2rdamedia
338 . ‡aonline resource ‡bcr ‡2rdacarrier
347 . ‡atext file ‡bPDF ‡2rda
4901 . ‡aAdvances in Pattern Recognition
650 0. ‡aComputer science.
650 0. ‡aNeurosciences.
650 0. ‡aArtificial intelligence.
650 0. ‡aComputer graphics.
650 0. ‡aComputer vision.
650 0. ‡aOptical pattern recognition.
65014. ‡aComputer Science.
65024. ‡aComputer Graphics.
65024. ‡aImage Processing and Computer Vision.
65024. ‡aPattern Recognition.
65024. ‡aArtificial Intelligence (incl. Robotics).
65024. ‡aElectronic and Computer Engineering.
65024. ‡aNeurosciences.
7001 . ‡aPavlidis, Ioannis. ‡eeditor.
7102 . ‡aSpringerLink (Online service)
7730 . ‡tSpringer eBooks
77608. ‡iPrinted edition: ‡z9781852336042
830 0. ‡aAdvances in Pattern Recognition
85640. ‡uhttp://biblioteca.ipicyt.edu.mx:2048/login?url=http://dx.doi.org/10.1007/b138155 ‡yTexto completo ‡9CONS
950 . ‡aComputer Science (Springer-11645)
901 . ‡a22560 ‡b ‡c22560 ‡tbiblio ‡sSystem Local

Additional Resources